Представление документа в формате MARC21

Поле Инд. ПП Название Значение
Тип записи a
Библиографический уровень m
001 Контрольный номер 6bc342a9-d76d-45e0-b773-8725deb66024
005 Дата корректировки 20131111184338.4
008 Кодируемые данные 950630s1995 rur 00000 rus d
020 a ISBN 5-89282-011-4
c Цена, тираж 7800.00
080 a Индекс УДК 955"19"
084 a Индекс другой классификации/Индекс ББК Т3(5ИРН)6
090 c Каталожный индекс Т3(5ИРН)6
x Авторский знак А79
a Полочн. индекс Т3(5ИРН)
100 1_ a Автор Арабаджян Завен Артемович
245 00 a Заглавие Иран
b Продолж. заглавия Противостояние империям (1918-1941)
c Ответственность З.А. Арабаджян; Рос АН. Ин-т востоковедения
c Ответственность Рос. АН
c Ответственность Ин-т востоковедения
260 0_ a Место издания Москва
b Издательство Изд-во Ин-та востоковедения РАН
c Дата издания 1996
300 a Объем 224 с.
500 a Примечание Библиогр. в примеч.: с.205-218.
583 a Действие Получение впервые 69 19.03.97
k Исполнитель действия Кол-тор г. Москвы
x Служебное примечание 20490
650 a Основная рубрика Иран
x Основная подрубрика История
y Хронологическая подрубрика 20 в.
653 a Ключевые слова Иран
a Ключевые слова История Ирана
852 t Порядковый номер экземпляра 1
p Инвентарный номер 680200
888 a Пред.оплата
952 p 69 7800.00 1 680200
c Вид литературы К рн
954 a Дата поступления на обработку 27.03.97
999 a Подразделение 2 ч.з.